LEADER 00899nam a2200217 i 4500 001 000000235297 003 CaOOAMICUS 005 20141103000000.0 008 141103s2014 it u000 u ita u 013 $a214200 040 $aSeMil$bita 245 10$aNelle pietre la fede e la storia :$bl'oratorio dell'Annunciata di Maleo. 260 $aLodi :$bPMP Edizioni,$c2014. 300 $a189 p. :$bill. ;$c24 cm. 500 $aIn testa al front. : Passocchia dei santi Gervasio e Protaso martiri, Maleo. 650 4$aMaleo.$0(OLS)http://semarc/subject/4934 850 $aSeMil 852 $aSeMil$W1$xVenegono$y1$m3P IV 387$j185643$B185643$CSeMilBibl$Z2$F197908 $81 961 $aOmaggio: Delpini mons. Mario 996 $6245$aNelle pietre la fede e la storia :$bl'oratorio dell'Annunciata di Maleo$9(OLS)http://semarc/title/335527 996 $6260$aLodi :$bPMP Edizioni$9(OLS)http://semarc/publisher/53293 LEADER 01106nam a2200277 i 4500 001 000000077666 003 CaOOAMICUS 005 20090929000000.0 008 090929s2001 sp u000 u spa u 013 $a48839 020 $a84-313-1858-9 040 $aSeMil$bita 100 1 $aIllanes, José Luis,$d<1933- >.$0(OLS)http://semarc/name/21771 245 10$aLaicado y sacerdocio /$cJosé Luis Illanes. 260 $aPamplona :$bEUNSA,$c2001. 300 $a304 p. ;$c24 cm. 490 0 $aColección teológica ;$v102 650 4$aLaicato - Teologia.$0(OLS)http://semarc/subject/5571 650 4$aSacerdozio - Teologia.$0(OLS)http://semarc/subject/1982 830 0$aColección teológica ;$v102.$0(OLS)http://semarc/title/5970 850 $aSeMil 852 $aSeMil$W1$xVenegono$y1$m2B III 274$j43818$B43818$CSeMilBibl$Z2$F43365 $81 961 $aOmaggio per recensione: Scuola Cattolica 996 $6020$a84-313-1858-9$9(OLS)http://semarc/number/59537 996 $6245$aLaicado y sacerdocio$9(OLS)http://semarc/title/126177 996 $6260$aPamplona :$bEUNSA$9(OLS)http://semarc/publisher/30130